000 00400nab a2200145Ia 4500
003 ES-SlBCS
005 20210601134620.0
008 140529s1982 xxu||||| |||| 00| 0 spa d
041 _aspa
100 1 _aDidone, Tarcisio
_9220337
245 0 0 _aHacia una escuela nueva
_c Tarcisio Didone
650 0 4 _aEscuela
_9131104
773 0 _tAnthropos
_gvol. 3, nº. 5, 1982, págs. 98-109
_wRev38
942 _cAR
999 _c615335
_d615335